000 00780nam a2200145 a 4500
008 060410s2003 ||||||||||||||||| || u
050 _aUN-ECE(02)2003/26
110 _aUnited Nations Economic Commission for Europe (UNECE)
245 1 0 _aSocial-economic status and living arrangements of older persons in Lithuania
_cPrepared in cooperation with Sarmite Mikulioniene and Vlada Stankuniene Democratic Research Center of the Lithuanian Institute of Philosophy and Socialogy, and Statistics Lithuania
260 _aNew york
_bUNITED NATIONS
_c2003
350 _a0.00
650 0 _aECONOMICS
650 _aOld age assistance--Lithuania
995 _FCBU-MAIN LIBRARY (Kitwe)
_I0.00
_UAVAILABLE
_WJan 30, 2019
_ZInternational Publications
999 _c57684
_d57684